SNL Five Timers Club - Statistics

General Stats
  • This quiz has been taken 48 times
  • The average score is 18 of 26
Answer Stats
Total Appearances Hints Answer % Correct
10 Forrest Gump; Toy Story; Saving Private Ryan Tom Hanks
95%
5 WWE; Fast & Furious; Jumanji Dwayne Johnson
90%
5 Three Amigos; Only Murders in the Building; Mars Attacks! Martin Short
88%
7 Black Widow; Lost in Translation; Marriage Story Scarlett Johansson
88%
16 Planes, Trains, and Automobiles; The Jerk; banjo player Steve Martin
88%
17 30 Rock; Donald Trump; Beetlejuice Alec Baldwin
86%
5 La La Land; The Amazing Spider-Man; Poor Things Emma Stone
83%
5 Ant-Man; Clueless; Anchorman Paul Rudd
83%
6 30 Rock; Mean Girls; Weekend Update Tina Fey
83%
5 Anchorman; Elf; SNL alumnus Will Ferrell
83%
5 Ghostbusters; Groundhog Day; SNL alumnus Bill Murray
76%
5 Former member of NSYNC; Rock Your Body; The Social Network Justin Timberlake
74%
5 DCEU Batman; Argo; Matt Damon's best friend Ben Affleck
71%
8 Caddyshack; Weekend Update; Community Chevy Chase
71%
6 Matilda; It's Always Sunny in Philadelphia; Taxi Danny DeVito
71%
6 E.T.; 50 First Dates; youngest club member Drew Barrymore
71%
6 Mike & Molly; Bridesmaids; Gilmore Girls Melissa McCarthy
69%
13 Roseanne; The Big Lebowski; Monsters, Inc John Goodman
67%
5 SNL alumnus; Bridesmaids; Ghostbusters (2016) Kristen Wiig
67%
5 Cheers; The Hunger Games; White Men Can't Jump Woody Harrelson
64%
7 Catch Me If You Can; The Deer Hunter; more cowbell! Christopher Walken
62%
5 Superbad; The Wolf of Wall Street; 21 Jump Street Jonah Hill
62%
6 Stand-up comedian; former SNL writer; Into the Spider-Verse John Mulaney
55%
5 Murphy Brown; Boston Legal; Miss Congeniality Candice Bergen
36%
6 M*A*S*H; Ocean's 11; Friends Elliott Gould
33%
10 First member of the club; writer of The Graduate Buck Henry
19%
No matching quizzes found
Score Distribution
Percent of People with Each Score
Percentile by Number Answered
Your Score History
You have not taken this quiz